000 00537nam a2200181Ia 4500
008 090123s9999 xx 000 0 und d
082 _b40802
100 _aनाईक संजय
245 _aफिरकीवर फिरकी
250 _a1
260 _bमेघना प्रकाशन
_c2007
300 _a144
600 _aनाईक संजय
630 _aफिरकीवर फिरकी
700 _aनाईक संजय
730 _aफिरकीवर फिरकी
942 _cBOOK
999 _c78878
_d78878